Movie Posters XIII Quiz Stats

 Plays Quiz Updated Aug 10, 2018

Score 0/24 Timer 06:00
17 Plays Today
% Correct
Ted
95.1%
Ice Age
93.3%
Elf
92.6%
Mrs. Doubtfire
88.9%
Miss Congeniality
79.1%
The Princess Diaries
78.5%
Tangled
78.5%
The Bucket List
76.6%
The Great Gatsby
73%
Silver Linings Playbook
72.4%
Crocodile Dundee
71.5%
The Mighty Ducks
62.4%
% Correct
Lethal Weapon
60.2%
Gone in 60 Seconds
52%
Eternal Sunshine of the Spotless Mind
49.5%
Flashdance
49%
Blazing Saddles
48%
Fear and Loathing in Las Vegas
45.3%
Pee Wee's Big Adventure
42.6%
Galaxy Quest
33.6%
Snatch
31.3%
Children of Men
28.2%
Star Trek Into Darkness
25.1%
Before Sunrise
16.5%

You're not logged in!

Compare scores with friends on all Sporcle quizzes.
OR
Log In

You Might Also Like...

Show Comments

Extras

Top Quizzes Today


Score Distribution

Your Account Isn't Verified!

In order to create a playlist on Sporcle, you need to verify the email address you used during registration. Go to your Sporcle Settings to finish the process.

Report this User

Report this user for behavior that violates our Community Guidelines.

Details: